000 00454nam a22001697a 4500
003 SGT
020 _a9788119613748
082 _a616.992
_bS24C
100 _aCHHONKER, KARTIK
245 _aSPECTRUM OF RESITIENCE : UNRAVELLING THE THREADS OF ONCOLOGY
250 _a1ST
260 _aINDIA
_bINNOVATIVE PUB
_c2024
300 _a269
650 _aONCOLOGY
653 _aSPECTRUM OF RESITIENCE : UNRAVELLING THE THREADS OF ONCOLOGY
942 _2ddc
_cBK
999 _c33384
_d33384